Blueberries for Sal / (Record no. 197489)
[ view plain ]
| 000 -LEADER | |
|---|---|
| fixed length control field | 01094nam a2200289 a 4500 |
| 001 - CONTROL NUMBER | |
| control field | BK0002556841 |
| 003 - CONTROL NUMBER IDENTIFIER | |
| control field | AU |
| 005 - DATE AND TIME OF LATEST TRANSACTION | |
| control field | 20241220162916.0 |
| 008 - FIXED-LENGTH DATA ELEMENTS--GENERAL INFORMATION | |
| fixed length control field | 911002r19761948enka j 00011 eng d |
| 010 ## - LIBRARY OF CONGRESS CONTROL NUMBER | |
| LC control number | BL 99720688 |
| 020 ## - INTERNATIONAL STANDARD BOOK NUMBER | |
| International Standard Book Number | 9780140501698 : PAP |
| Terms of availability | 8.99 |
| 020 ## - INTERNATIONAL STANDARD BOOK NUMBER | |
| International Standard Book Number | 014050169X : PAP |
| Terms of availability | 8.99 |
| 037 ## - SOURCE OF ACQUISITION | |
| Source of stock number/acquisition | Penguin Group USA, Order Processing Dept 120 Woodbine st, Bergenfield, NJ, USA, 07621 |
| Note | SAN 201-3975 |
| 040 ## - CATALOGING SOURCE | |
| Original cataloging agency | Baker & Taylor |
| 050 14 - LIBRARY OF CONGRESS CALL NUMBER | |
| Classification number | PZ7.M1336 |
| Item number | Bl 1976 |
| 082 04 - DEWEY DECIMAL CLASSIFICATION NUMBER | |
| Classification number | [E] |
| Edition number | 20 |
| 092 ## - LOCALLY ASSIGNED DEWEY CALL NUMBER (OCLC) | |
| Classification number | E |
| 100 10 - MAIN ENTRY--PERSONAL NAME | |
| Personal name | McCloskey, Robert, |
| Dates associated with a name | 1914- |
| 9 (RLIN) | 5816653 |
| 245 10 - TITLE STATEMENT | |
| Title | Blueberries for Sal / |
| Statement of responsibility, etc | by Robert McCloskey. |
| 260 00 - PUBLICATION, DISTRIBUTION, ETC. (IMPRINT) | |
| Place of publication, distribution, etc | Harmondsworth ; |
| -- | New York : |
| Name of publisher, distributor, etc | Puffin Books, |
| Date of publication, distribution, etc | 1976, c1948. |
| 300 ## - PHYSICAL DESCRIPTION | |
| Extent | 1 v. (unpaged) : |
| Other physical details | ill. ; |
| Dimensions | 19 x 23 cm. |
| 490 0# - SERIES STATEMENT | |
| Series statement | Picture puffins |
| 500 ## - GENERAL NOTE | |
| General note | Originally published: New York : Viking, 1948. |
| 520 ## - SUMMARY, ETC. | |
| Summary, etc | Little Bear and Sal both go berrying with their mothers, but after sitting down to rest, they each end up following the other one's mother. |
| 650 #1 - SUBJECT ADDED ENTRY--TOPICAL TERM | |
| Topical term or geographic name as entry element | Mother and child |
| General subdivision | Fiction. |
| 9 (RLIN) | 6394538 |
| 650 #1 - SUBJECT ADDED ENTRY--TOPICAL TERM | |
| Topical term or geographic name as entry element | Bears |
| General subdivision | Fiction. |
| 9 (RLIN) | 5694677 |
| Withdrawn status | Lost status | Source of classification or shelving scheme | Damaged status | Not for loan | Collection code | Home library | Current library | Shelving location | Date acquired | Source of acquisition | Cost, normal purchase price | Total Checkouts | Total Renewals | Full call number | Barcode | Checked out | Date last seen | Date checked out | Cost, replacement price | Price effective from | Koha item type |
|---|---|---|---|---|---|---|---|---|---|---|---|---|---|---|---|---|---|---|---|---|---|
| Dewey Decimal Classification | Children Caldecott Award | Wasatch County Library | Wasatch County Library | Main Floor Childrens Area | 09/13/2019 | 17.99 | 59 | 41 | E McC | 34301001645300 | 03/17/2026 | 02/24/2026 | 02/24/2026 | 17.99 | 03/20/2020 | BOOK |
